| 000 | 00597nam a2200181Ia 4500 | ||
|---|---|---|---|
| 008 | 151202s9999||||xx |||||||||||||| ||und|| | ||
| 082 | _bPNVM-42909 | ||
| 100 | _aपालखीवाला नानी. | ||
| 245 | _aवुई द पिपल. | ||
| 260 | _b"मेहता पब्लिशींग हाऊस, पुणे." | ||
| 260 | _c1998 | ||
| 300 | _a320 | ||
| 600 | _aपालखीवाला नानी. | ||
| 630 | _aवुई द पिपल. | ||
| 700 | _aपालखीवाला नानी. | ||
| 730 | _aवुई द पिपल. | ||
| 942 | _cBOOK | ||
| 999 |
_c1308861 _d1308858 |
||